Statistics for Famous Canadians Quiz

Click here to take the quiz!

General Stats

  • This quiz has been taken 22,256 times
    (16,100 since last reset)
  • The average score is 13 of 24

Answer Stats

ClueCanadian% Correct
She sang the song from "Titanic"Celine Dion
88%
Singer with over
90 million Twitter followers
Justin Bieber
83%
He was Austin PowersMike Myers
78%
"The Great One"Wayne Gretzky
78%
"Ace Ventura" starJim Carrey
77%
"Baywatch" and "Barb Wire" starPamela Anderson
74%
"Avatar" directorJames Cameron
73%
Marty McFlyMichael J. Fox
69%
Prime Minister since 2015Justin Trudeau
67%
Hip Hop artist whose name
means "male duck"
Drake
63%
Call her, maybeCarly Rae Jepsen
61%
Captain KirkWilliam Shatner
61%
"Jeopardy" host. Had a mustache
before it was cool
Alex Trebek
60%
Everything he does (he does it for you)Bryan Adams
55%
Conehead and GhostbusterDan Aykroyd
52%
"Juno" actressEllen Page
44%
Half of Bill & TedKeanu Reeves
44%
"Strange Brew" actor who also
shrunk the kids
Rick Moranis
41%
Scarlett Johansson's former husbandRyan Reynolds
40%
"Canadian Bacon" starJohn Candy
36%
Basketball MVP in 2005 and 2006Steve Nash
35%
Folk singer: "They paved paradise,
and put up a parking lot"
Joni Mitchell
33%
ABC news anchor, 1983-2005Peter Jennings
23%
Architect who designed the
Guggenheim in Bilbao
Frank Gehry
12%

Score Distribution

Percentile by Number Answered

Percent of People with Each Score

Your Score History

You have not taken this quiz since the last reset